| 000 | 00522nam a2200217Ia 4500 | ||
|---|---|---|---|
| 003 | OSt | ||
| 005 | 20220918231031.0 | ||
| 006 | a|||||r|||| 00| 0 | ||
| 007 | ta | ||
| 008 | 220917b |||||||| |||| 00| 0 eng d | ||
| 024 | _a262,636 | ||
| 037 | _cTextual | ||
| 040 |
_aARTS _cARTS _beng |
||
| 041 |
_2eng _aeng |
||
| 082 | _aQ7z7, K9 | ||
| 245 | 0 | _aIslam | |
| 260 |
_aPatiala _bPunjabi University Punjab _c1969 |
||
| 650 | _aRELIGION | ||
| 942 |
_hQ7z7, K9 _cTEXL _2CC |
||
| 999 |
_c289649 _d289649 |
||